[Event "Asia Cup (Women)"]
[Site "Abu Dhabi"]
[Date "2016.03.28"]
[Round "1.2"]
[White "Padmini, Rout"]
[Black "Al Zarouni, Kholoud Essa"]
[Result "1-0"]
[WhiteElo "2439"]
[BlackElo "1861"]
[PlyCount "107"]
[EventDate "2016.03.28"]
[EventType "team-swiss"]
[EventRounds "9"]
[EventCountry "UAE"]
[SourceTitle "CBM 171 Extra"]
[Source "ChessBase"]
[SourceDate "2016.04.26"]
[SourceVersion "1"]
[SourceVersionDate "2016.04.26"]
[SourceQuality "1"]
[WhiteTeam "India (W)"]
[BlackTeam "United Arab Emirates (W)"]
[WhiteTeamCountry "IND"]
[BlackTeamCountry "UAE"]

1. e4 e5 2. Nf3 Nc6 3. Bb5 a6 4. Ba4 Nf6 5. 0-0 b5 6. Bb3 Bb7 7. d3 Bd6 8. a4 0-0 9. Nc3 b4 10. Ne2 Na5 11. Ba2 h6 12. Ng3 Re8 13. Bd2 c5 14. h3 Bf8 15. Re1 Rc8 16. Bc4 Qc7 17. Nh2 d5 18. exd5 Nxd5 19. Bxd5 Bxd5 20. Ng4 Kh8 21. b3 Nc6 22. Ne3 Be6 23. Bc1 Nd4 24. Bb2 Qd7 25. Bxd4 exd4 26. Nef1 Bd5 27. Qg4 Qc6 28. Nh5 Be6 29. Qg3 Bf5 30. Nd2 g6 31. Qf4 Qd6 32. Qf3 Qc6 33. Qxc6 Rxe1+ 34. Rxe1 Rxc6 35. Ng3 Be6 36. f3 Bg7 37. Kf2 Kh7 38. f4 f5 39. Nf3 Bf6 40. Ne5 Rd6 41. Nf1 Bxe5 42. Rxe5 Rc6 43. Kf3 Kg7 44. g4 Kf6 45. gxf5 Bxf5 46. h4 g5 47. hxg5+ hxg5 48. Ng3 g4+ 49. Kg2 Bg6 50. Ne4+ Bxe4+ 51. Rxe4 Re6 52. Rxe6+ Kxe6 53. Kg3 Kf5 54. a5 1-0

[Event "Asian Continental op (Women) 14th"]
[Site "Al Ain"]
[Date "2015.08.02"]
[Round "1"]
[White "Al Zarouni, Kholoud Essa"]
[Black "Enkhtuul, Altanulzii"]
[Result "1/2-1/2"]
[WhiteElo "1840"]
[BlackElo "2269"]
[PlyCount "128"]
[EventDate "2015.08.02"]
[EventType "swiss"]
[EventRounds "9"]
[EventCountry "UAE"]
[SourceTitle "CBM 167 Extra"]
[Source "ChessBase"]
[SourceDate "2015.09.14"]
[SourceVersion "1"]
[SourceVersionDate "2015.09.14"]
[SourceQuality "1"]

1. e4 c5 2. c3 d5 3. exd5 Qxd5 4. d4 Nc6 5. Nf3 Bg4 6. Be2 e6 7. 0-0 Nf6 8. Be3 cxd4 9. cxd4 Be7 10. Nc3 Qd8 11. Qb3 0-0 12. Rad1 Na5 13. Qc2 Rc8 14. Ne5 Bf5 15. Qd2 Nd5 16. Nxd5 Qxd5 17. Bf3 Qb5 18. Rc1 f6 19. Be2 Qa4 20. b3 Qb4 21. Nd3 Qxd2 22. Bxd2 Nc6 23. Be3 Ba3 24. Rcd1 Rfd8 25. g4 Bxd3 26. Bxd3 Nb4 27. Bc4 Nd5 28. Rfe1 b5 29. Bxd5 Rxd5 30. Bc1 Bxc1 31. Rxc1 Rxc1 32. Rxc1 Rxd4 33. Rc8+ Kf7 34. Rc7+ Kg6 35. h3 a5 36. Rb7 b4 37. Ra7 Rd5 38. Kg2 h5 39. Kg3 hxg4 40. hxg4 e5 41. f3 Kh6 42. Kh4 Rd3 43. g5+ Kg6 44. gxf6 gxf6 45. Kg3 e4 46. Rxa5 Rxf3+ 47. Kg2 Rc3 48. Ra4 f5 49. Rxb4 Kg5 50. Rc4 Rd3 51. Rc2 Kf4 52. b4 Ke3 53. b5 f4 54. b6 f3+ 55. Kh2 Rd2+ 56. Rxd2 Kxd2 57. b7 f2 58. b8Q f1Q 59. Qb4+ Ke3 60. Qc5+ Ke2 61. Qc4+ Kf2 62. Qd4+ Kf3 63. Qf6+ Ke2 64. Qb2+ Ke3 1/2-1/2

[Event "Olympiad Women-41"]
[Site "Tromsoe"]
[Date "2014.08.12"]
[Round "10.1"]
[White "Al Zarouni, Kholoud Essa"]
[Black "Steil Antoni, Fiona"]
[Result "1/2-1/2"]
[WhiteElo "1862"]
[BlackElo "2112"]
[PlyCount "126"]
[EventDate "2014.08.02"]
[EventType "team-swiss"]
[EventRounds "11"]
[EventCountry "NOR"]
[SourceTitle "CBM 162"]
[Source "ChessBase"]
[SourceDate "2014.09.17"]
[SourceVersion "1"]
[SourceVersionDate "2014.09.17"]
[SourceQuality "1"]
[WhiteTeam "United Arab Emirates (W)"]
[BlackTeam "Luxembourg (W)"]
[WhiteTeamCountry "UAE"]
[BlackTeamCountry "LUX"]

1. e4 d6 2. d4 Nf6 3. Nc3 Nbd7 4. Nf3 e5 5. Be2 Be7 6. 0-0 0-0 7. h3 c6 8. Bd3 exd4 9. Nxd4 Nc5 10. Be3 Re8 11. Nf3 Nxd3 12. Qxd3 h6 13. Rad1 Qc7 14. Rfe1 Nd7 15. Qd2 Ne5 16. Nxe5 dxe5 17. Qe2 Be6 18. a3 Kh7 19. Rd2 Rg8 20. Kh2 g6 21. g3 b5 22. Qf1 g5 23. g4 a5 24. Ne2 h5 25. f3 h4 26. Ra1 b4 27. axb4 axb4 28. Rdd1 Qb7 29. Rxa8 Rxa8 30. Ra1 Rxa1 31. Qxa1 Qb5 32. Qd1 c5 33. Qd2 f6 34. Kg2 Kg7 35. c3 b3 36. Qe1 c4 37. Qc1 Qa6 38. Qd1 Qa2 39. Bc1 Qa7 40. Qd2 Kf7 41. Qd1 Ke8 42. Qd2 Bc5 43. Kf1 Ke7 44. Kg2 Qa8 45. Qd1 Bd7 46. Ng1 Bb6 47. Qe2 Qa1 48. Qd2 Bc6 49. Ne2 Qb1 50. Ng1 Bc5 51. Qe1 Qd3 52. Qe2 Kd7 53. Kh1 Kc7 54. Kg2 Kb6 55. Kh1 Kb5 56. Kg2 Bb7 57. Kh1 Bxg1 58. Qxd3 cxd3 59. Kxg1 d2 60. Bxd2 Kc4 61. Be3 Kd3 62. Bc5 Kc2 63. Ba3 Ba6 1/2-1/2

[Event "Arab-ch (Women)"]
[Site "Abu Dhabi"]
[Date "2013.12.15"]
[Round "9"]
[White "Al Zarouni, Kholoud Essa"]
[Black "Alattar, Ghayda M"]
[Result "1/2-1/2"]
[WhiteElo "1888"]
[BlackElo "1914"]
[PlyCount "69"]
[EventDate "2013.12.08"]
[EventType "swiss"]
[EventRounds "9"]
[EventCountry "UAE"]
[SourceTitle "CBM 157 Extra"]
[Source "ChessBase"]
[SourceDate "2013.12.19"]
[SourceVersion "1"]
[SourceVersionDate "2013.12.19"]
[SourceQuality "1"]

1. e4 e5 2. Nf3 Nc6 3. Bb5 f5 4. d3 Nf6 5. 0-0 d6 6. Qe2 a6 7. Bxc6+ bxc6 8. exf5 Be7 9. Nc3 Bxf5 10. d4 e4 11. Nh4 Bg4 12. f3 exf3 13. Nxf3 Qd7 14. h3 Bxf3 15. Rxf3 0-0 16. Bd2 d5 17. Re1 Bd6 18. Bg5 Rab8 19. Bxf6 Rxf6 20. Rxf6 gxf6 21. Nd1 a5 22. Qh5 Kh8 23. Kh1 Rg8 24. Re3 Bf4 25. Re2 Qg7 26. Qf3 Bd6 27. Re6 f5 28. c3 f4 29. Re2 Qg6 30. Nf2 Qg3 31. Qxg3 fxg3 32. Nd3 Rf8 33. Kg1 Kg7 34. Re6 Kf7 35. Re2 1/2-1/2

[Event "Arab-ch (Women)"]
[Site "Abu Dhabi"]
[Date "2013.12.14"]
[Round "8"]
[White "Al Zarouni, Kholoud Essa"]
[Black "Gharib, Alia Ali"]
[Result "1/2-1/2"]
[WhiteElo "1888"]
[BlackElo "1748"]
[PlyCount "62"]
[EventDate "2013.12.08"]
[EventType "swiss"]
[EventRounds "9"]
[EventCountry "UAE"]
[SourceTitle "CBM 157 Extra"]
[Source "ChessBase"]
[SourceDate "2013.12.19"]
[SourceVersion "1"]
[SourceVersionDate "2013.12.19"]
[SourceQuality "1"]

1. e4 e5 2. Nf3 Nc6 3. Nc3 Nf6 4. Bb5 Bb4 5. 0-0 0-0 6. d3 d6 7. Bxc6 bxc6 8. h3 Re8 9. Bg5 Bxc3 10. bxc3 h6 11. Be3 d5 12. exd5 cxd5 13. d4 exd4 14. cxd4 Bf5 15. Ne5 Nd7 16. Nxd7 Qxd7 17. Qd2 Be6 18. Rab1 Reb8 19. Rb3 Rb6 20. Rfb1 Rab8 21. Qc3 Rxb3 22. Rxb3 Rb6 23. Rxb6 axb6 24. Bf4 c6 25. Qb4 b5 26. Qd6 Qxd6 27. Bxd6 Bf5 28. c3 Bb1 29. a3 f6 30. f3 Kf7 31. Kf2 Ke6 1/2-1/2

[Event "Incheon op (Women) 4th"]
[Site "Incheon"]
[Date "2013.07.01"]
[Round "2"]
[White "Atthaworadej, Worasuda"]
[Black "Al Zarouni, Kholoud Essa"]
[Result "0-1"]
[WhiteElo "1727"]
[BlackElo "1885"]
[PlyCount "92"]
[EventDate "2013.06.30"]
[EventType "swiss"]
[EventRounds "7"]
[EventCountry "KOR"]
[SourceTitle "CBM 155 Extra"]
[Source "ChessBase"]
[SourceDate "2013.08.26"]
[SourceVersion "1"]
[SourceVersionDate "2013.08.26"]
[SourceQuality "1"]

1. e4 e5 2. Nf3 Nc6 3. d4 exd4 4. Bc4 Nf6 5. e5 Ng4 6. Qe2 Qe7 7. Bf4 f6 8. exf6 Nxf6 9. Qxe7+ Bxe7 10. 0-0 d5 11. Bb5 a6 12. Bxc6+ bxc6 13. Nxd4 c5 14. Nf3 Bd6 15. Re1+ Kd8 16. Ng5 Rf8 17. Bxd6 cxd6 18. Nc3 h6 19. Ne6+ Bxe6 20. Rxe6 Kd7 21. Rae1 Rae8 22. Rxe8 Rxe8 23. Rxe8 Kxe8 24. f3 Kd7 25. Kf2 d4 26. Ne2 Kc6 27. Ng3 g6 28. a3 a5 29. h3 Kd5 30. Ke2 Ke5 31. Kd3 Nd5 32. Ne2 Nf4+ 33. Nxf4 Kxf4 34. h4 Kg3 35. Kc4 Kxg2 36. Kb5 Kxf3 37. Kxa5 g5 38. hxg5 hxg5 39. Kb6 g4 40. a4 g3 41. a5 g2 42. a6 g1Q 43. a7 Qg8 44. Kb7 Ke2 45. a8Q Qxa8+ 46. Kxa8 Kd2 0-1

[Event "Arab Games (Women)"]
[Site "Doha"]
[Date "2011.12.19"]
[Round "6"]
[White "Al Zarouni, Kholoud Essa"]
[Black "Ebtsam, Adee"]
[Result "1-0"]
[WhiteElo "1861"]
[BlackElo "1727"]
[PlyCount "57"]
[EventDate "2011.12.13"]
[EventType "team-swiss"]
[EventRounds "9"]
[EventCountry "QAT"]
[SourceTitle "CBM 145 Extra"]
[Source "ChessBase"]
[SourceDate "2012.01.03"]
[SourceVersion "1"]
[SourceVersionDate "2012.01.03"]
[SourceQuality "1"]
[WhiteTeam "United Arab Emirates (W)"]
[BlackTeam "Palestine (W)"]
[WhiteTeamCountry "UAE"]
[BlackTeamCountry "PLE"]

1. e4 e5 2. Nf3 Nc6 3. Bc4 Bc5 4. c3 Nf6 5. d3 0-0 6. Bb3 h6 7. Nbd2 d5 8. Qe2 Re8 9. h3 d4 10. Nf1 Qd6 11. g4 Ne7 12. g5 Nh5 13. gxh6 gxh6 14. Rg1+ Kh7 15. Bxf7 Rf8 16. Bxh5 Bxh3 17. Qd2 Rg8 18. Ng3 dxc3 19. bxc3 Bg4 20. Rh1 Bxf3 21. Bxf3 Rg6 22. Nf5 Nxf5 23. exf5 Rf6 24. Be4 Rg8 25. Rxh6+ Kg7 26. Rxf6 Qxf6 27. Qg5+ Qxg5 28. Bxg5 Kf7 29. Bd5+ 1-0

[Event "Arab Games blitz (Women)"]
[Site "Doha"]
[Date "2011.12.10"]
[Round "4"]
[White "Ibraheem, Delbak Ismael"]
[Black "Al Zarouni, Kholoud Essa"]
[Result "1-0"]
[WhiteElo "1919"]
[BlackElo "1861"]
[PlyCount "113"]
[EventDate "2011.12.10"]
[EventType "swiss (blitz)"]
[EventRounds "9"]
[EventCountry "QAT"]
[SourceTitle "CBM 145 Extra"]
[Source "ChessBase"]
[SourceDate "2012.01.03"]
[SourceVersion "1"]
[SourceVersionDate "2012.01.03"]
[SourceQuality "1"]

1. e4 e5 2. Nf3 Nc6 3. d4 exd4 4. Nxd4 Nf6 5. Nxc6 dxc6 6. Qxd8+ Kxd8 7. Bc4 Ke8 8. 0-0 Bc5 9. Nc3 b5 10. Bb3 b4 11. Nd1 Nxe4 12. Re1 Bf5 13. g4 Bg6 14. Be3 Bxe3 15. Rxe3 Kd7 16. f3 Nd6 17. Nf2 Rae8 18. Rae1 Rxe3 19. Rxe3 Re8 20. Rxe8 Kxe8 21. h4 h5 22. Nd3 Bxd3 23. cxd3 hxg4 24. fxg4 a5 25. Kf2 Ke7 26. Ke3 f5 27. g5 g6 28. Kd4 f4 29. Bd1 Nf5+ 30. Ke4 Nxh4 31. Kxf4 Ng2+ 32. Ke5 Ne3 33. Ba4 c5 34. b3 Nd1 35. d4 cxd4 36. Kxd4 Kd6 37. Be8 Nc3 38. Bxg6 Nxa2 39. Bc2 Nc3 40. g6 c5+ 41. Kc4 Nd5 42. Kb5 Ne7 43. g7 Ke6 44. Kxc5 Kf7 45. Kb5 Nd5 46. Kxa5 Ne3 47. Bd3 Nd5 48. Bc4 Kxg7 49. Bxd5 Kf6 50. Kxb4 Ke7 51. Kc5 Kd8 52. Kb6 Kc8 53. Ka7 Kc7 54. b4 Kd6 55. Bc4 Kc7 56. b5 Kc8 57. b6 1-0

[Event "Asia rap (Women) 16th"]
[Site "Guangzhou"]
[Date "2010.11.15"]
[Round "6"]
[White "Sultana, Sharmin Shirin"]
[Black "Al Zarouni, Kholoud Essa"]
[Result "1-0"]
[WhiteElo "1998"]
[BlackElo "1864"]
[PlyCount "65"]
[EventDate "2010.11.13"]
[EventType "swiss"]
[EventRounds "9"]
[EventCountry "CHN"]
[SourceTitle "EXT 2011"]
[Source "ChessBase"]
[SourceDate "2010.11.26"]
[SourceVersion "1"]
[SourceVersionDate "2010.11.26"]
[SourceQuality "1"]

1. d4 d5 2. c4 e6 3. Nc3 c6 4. e3 f5 5. Nf3 Bd6 6. Qc2 Nf6 7. Bd3 Ne4 8. Nd2 0-0 9. 0-0 Nd7 10. c5 Bc7 11. b4 Ndf6 12. f4 Bd7 13. a4 Be8 14. Nf3 Bh5 15. Bd2 Bxf3 16. Rxf3 Kh8 17. Raf1 Rg8 18. Bxe4 Nxe4 19. Nxe4 fxe4 20. Rh3 g5 21. Rh5 gxf4 22. exf4 Qe8 23. Qd1 Qf7 24. f5 Qg7 25. Qc2 Qf7 26. Qd1 Qg7 27. Qe2 Qxd4+ 28. Be3 Qxb4 29. Rxh7+ Kxh7 30. Qh5+ Kg7 31. Qg6+ Kf8 32. fxe6+ Ke7 33. Qf7+ 1-0

[Event "Olympiad Women-39"]
[Site "Khanty-Mansiysk"]
[Date "2010.09.23"]
[Round "3.57"]
[White "Gonzalez, Yaribeth"]
[Black "Al Zarouni, Kholoud Essa"]
[Result "1-0"]
[WhiteElo "1906"]
[BlackElo "1890"]
[PlyCount "109"]
[EventDate "2010.09.21"]
[EventType "team-swiss"]
[EventRounds "11"]
[EventCountry "RUS"]
[SourceTitle "CBM 139"]
[Source "ChessBase"]
[SourceDate "2010.11.18"]
[SourceVersion "1"]
[SourceVersionDate "2010.11.18"]
[SourceQuality "1"]
[WhiteTeam "Panama (W)"]
[BlackTeam "United Arab Emirates (W)"]
[WhiteTeamCountry "PAN"]
[BlackTeamCountry "UAE"]

1. e4 e5 2. Bc4 Nf6 3. Nc3 Bc5 4. Nf3 d6 5. 0-0 0-0 6. d3 h6 7. h3 Nc6 8. Na4 Bb6 9. Nxb6 axb6 10. a3 Qe7 11. Re1 Be6 12. Bxe6 Qxe6 13. b3 b5 14. Bb2 Ne7 15. Qe2 Ng6 16. d4 c6 17. Rad1 Nf4 18. Qe3 N6h5 19. dxe5 Qg6 20. Nh4 Qg5 21. g3 Nxh3+ 22. Kf1 Qxe3 23. Rxe3 dxe5 24. Rd7 Ng5 25. Rxb7 Rfd8 26. Ke2 Nf6 27. f3 Nd7 28. Rd3 Nc5 29. Rxd8+ Rxd8 30. Rc7 Nce6 31. Rxc6 Nh3 32. Bxe5 Neg5 33. Rd6 Rc8 34. Rd2 Re8 35. Bd4 Ne6 36. Nf5 Nhg5 37. Nd6 Rb8 38. Ba7 Rd8 39. f4 Rd7 40. fxg5 Rxa7 41. gxh6 gxh6 42. Nxb5 Re7 43. Nd6 Ng5 44. Rd4 Re6 45. g4 Nh3 46. Nf5 Kh7 47. Ke3 Kg6 48. Rd6 Kg5 49. Rxe6 fxe6 50. Nd4 Kxg4 51. Nxe6 h5 52. a4 h4 53. a5 Ng5 54. Nxg5 Kxg5 55. Kf3 1-0

[Event "Asian Continental op (Women) 09th"]
[Site "Olongapo City"]
[Date "2010.04.28"]
[Round "8"]
[White "Al Zarouni, Kholoud Essa"]
[Black "Citra, Dewi Ardhiani Anast"]
[Result "1/2-1/2"]
[WhiteElo "1868"]
[BlackElo "1945"]
[PlyCount "82"]
[EventDate "2010.04.21"]
[EventType "swiss"]
[EventRounds "9"]
[EventCountry "PHI"]
[SourceTitle "CBM 136 Extra"]
[Source "ChessBase"]
[SourceDate "2010.07.02"]
[SourceVersion "2"]
[SourceVersionDate "2010.07.15"]
[SourceQuality "1"]

1. e4 c5 2. c3 Nf6 3. e5 Nd5 4. d4 cxd4 5. Nf3 Nc6 6. cxd4 d6 7. Bc4 Nb6 8. Bb3 e6 9. 0-0 Be7 10. Qe2 0-0 11. Qe4 Nd7 12. Rd1 d5 13. Qg4 f5 14. Qh5 Qe8 15. Qxe8 Rxe8 16. Nc3 a6 17. Bg5 Bf8 18. Rac1 Nb6 19. Na4 Nxa4 20. Bxa4 Bd7 21. Bxc6 Bxc6 22. Nd2 Rac8 23. Nb3 Ba4 24. Rxc8 Rxc8 25. Rc1 Rxc1+ 26. Nxc1 Bc2 27. Bd2 Be7 28. f4 Kf7 29. Kf2 Bd8 30. Bb4 Bb6 31. Ke3 h6 32. g3 g5 33. Bc3 gxf4+ 34. Kxf4 Bd8 35. h3 Kg6 36. Ne2 Bd1 37. Nc1 Bc2 38. Ne2 Be7 39. Ke3 b5 40. Nf4+ Kf7 41. b4 Bb1 1/2-1/2